20 Songs from 20 Musicals - Statistics

General Stats
  • This quiz has been taken 2,050 times
  • The average score is 9 of 20
Answer Stats
Hint Answer % Correct
It's the Hard-Knock Life Annie
92%
Cell Block Tango Chicago
88%
Hopelessly Devoted to You Grease
84%
America West Side Story
77%
Consider Yourself Oliver!
68%
Wouldn't It Be Loverly? My Fair Lady
58%
Dentist! Little Shop of Horrors
51%
Sister Suffragette Mary Poppins
44%
Make 'Em Laugh Singin' in the Rain
43%
Good Morning Starshine Hair
40%
Adelaide's Lament Guys and Dolls
39%
Dance Ten Looks Three A Chorus Line
29%
Miracle of Miracles Fiddler on the Roof
29%
The Trolley Song Meet Me in St. Louis
27%
I Whistle a Happy Tune The King & I
27%
Let Me Entertain You Gypsy
22%
Everything's Alright Jesus Christ Superstar
20%
If a Girl Isn't Pretty Funny Girl
17%
Out Here on My Own Fame
11%
Drum Crazy Easter Parade
4%
No matching quizzes found
Score Distribution
Percent of People with Each Score
Percentile by Number Answered
Your Score History
You have not taken this quiz